Topolčianske noviny týždenník smeru živnostenského a národohospodárskeho

Hospodársky časopis regionálneho charakteru

Bibliographic Details
Corporate Authors: Okresné živnostenské spoločenstvo (Topoľčany) (Publisher), Tyršel, Ľudovít (Nitra) (tlač.), Tyršel, Dušan (Nitra)
Other Authors: Éder, Ľudovít (Publishing director), Ryška, Ján (Publishing director), Vagáč, Vojtech (Publishing director)
Format: Journal
Language:Slovak
PhysicalDescription:10 roč. 42 x 29
Published: Topoľčany Okresné živnostenské spoločenstvo 1929-1938
Subjects:

MARC

LEADER 00000nas a22000001a 4500
001 vtls010298691
003 SK-MaSNL
005 20260228161840.0
008 110809d19291938xo wr p r 0 b0slo
015 |a SNBDS17XX9999 
015 |a 0811  |2 Kipsová 1919-38 
038 |a SNKBUDS 
040 |a SNK  |b slo  |c SNK  |e AACR2 
041 0 |a slo 
044 |a xo  |c SK 
080 |a 351.824  |2 2001 
080 |a 330.5  |2 2001 
245 0 0 |a Topolčianske noviny  |b týždenník smeru živnostenského a národohospodárskeho 
260 |a Topoľčany  |b Okresné živnostenské spoločenstvo  |c 1929-1938 
300 |a 10 roč.  |c 42 x 29 
310 |a 1x týždenne 
362 0 |a Roč. I, č. 1 (22.12.1929)-roč. X, č. 26 (20.12.1938) 
500 |a Vych. v Topoľčanoch [tyždenne] 
500 |a Hlav. red. Ján Ryška. Zodp. red. Ľudovít Éder; od 3/IX (1. febr. 1937) Vojtech Vagáč 
500 |a Maj. a vyd. Okresné živnostenské spoločenstvo v Topoľčanoch 
500 |a Tlač. Kníhtlačiareň L. Tyršela, Nitra; od 1/IV (1. jan. 1932) Kníhtlačiareň D. Tyršela, Nitra 
500 |a Začal vychádzať 22. decembra 1929, spracovaný do 20. decembra 1938 
505 8 0 |g Roč. I. 1929 2 čís. po 4-6 s. 
505 8 0 |g Roč. II. 1930 48 čís. po 2-6 s. 
505 8 0 |g Roč. III. 1931 48 čís. po 2-3 s. 
505 8 0 |g Roč. IV. 1932 50 čís. po 2-3 s. 
505 8 0 |g Roč. V. 1933 44 čís. po 2-3 s. 
505 8 0 |g Roč. VI. 1934 40 čís. po 2-3 s. 
505 8 0 |g Roč. VII. 1935 24 čís. po 2-3 s. 
505 8 0 |g Roč. VIII. 1936 24 čís. po 2-4 s. 
505 8 0 |g Roč. IX. 1937 24 čís. po 2-4 s. 
505 8 0 |g Roč. X. 1938 26 čís. po 4-6 s. 
520 |a Hospodársky časopis regionálneho charakteru 
650 0 7 |a národné hospodárstvo  |2 SNKPH  |9 846 
655 7 |a hospodárske časopisy  |2 SNKBUDS  |9 265246 
655 7 |a regionálne živnostenské časopisy  |2 SNKBUDS  |9 269729 
700 1 |a Éder, Ľudovít  |4 pbd  |9 269730 
700 1 |a Ryška, Ján  |4 pbd  |9 269731 
700 1 |a Vagáč, Vojtech  |4 pbd  |9 269732 
710 2 |a Okresné živnostenské spoločenstvo (Topoľčany)  |e vydav.  |9 269733 
710 0 |a Tyršel, Ľudovít (Nitra)  |e tlač.  |9 269734 
710 0 |a Tyršel, Dušan (Nitra)  |9 269735 
852 |a UKB  |b 300000  |h SA 151 
852 |a PANKP  |b 5000000  |h 54 A 1414 
852 |a PANKP  |b 5000000  |h IV 947 
999 |c 6115  |d 8045 
952 |0 0  |1 0  |3 rekatalogizácia  |4 0  |7 0  |8 5  |a SNK  |b SNK  |d 2007-08-17  |i snkF 992/79  |l 0  |o snkČSA 1007/2/1930  |p 17A0553510  |r 2026-02-21 20:29:00  |t č. 3,4,5, neúplné  |w 2026-02-21  |y PREZ 
952 |0 0  |1 0  |3 rekatalogizácia  |4 0  |7 0  |8 5  |a SNK  |b SNK  |d 2007-08-17  |i snkF 999/79  |l 0  |o snkČSA 1007/1/1929  |p 17A0557803  |r 2026-02-21 21:00:57  |t č. 2, neúplné  |w 2026-02-21  |y PREZ 
952 |0 0  |1 0  |3 rekatalogizácia  |4 0  |7 0  |8 5  |a SNK  |b SNK  |d 2007-08-17  |i snkF 5684/79  |l 0  |o snkČSA 1007/7/1935  |p 17A0654063  |r 2026-02-21 21:01:01  |t č. 11-12, neúplný  |w 2026-02-21  |y PREZ